| 000 | 00444 a2200157 4500 | ||
|---|---|---|---|
| 999 |
_c320989 _d320989 |
||
| 001 | 85916 | ||
| 003 | NUST | ||
| 005 | 20180121180347.0 | ||
| 008 | 180121b xxu||||| |||| 00| 0 eng d | ||
| 020 | _a0813387019 | ||
| 082 | _a338.951 TOT | ||
| 100 |
_aGeorge Totten _99392 |
||
| 245 |
_aChina's economic reform : administering the introduction of the market mechanism _hEnglish |
||
| 250 | _a1st | ||
| 260 |
_aBoulder _bWestview Press _c1992 |
||
| 300 | _aXXV, 258 p. | ||
| 500 | _aGifted By AM Masood Akhtar | ||
| 942 |
_acaenust _cBK _k338.951 TOT _2ddc |
||